000 01238cam a2200277 i 4500
003 SA-RiAUC
005 20251015070614.0
008 251011s1987 su g b f000 0 ara c
040 _aSA-JeALM
_bara
_cSA-RiAUC
_erda
043 _aa-su---
082 0 4 _a011.3109531
090 _a011.3109531
_bد س و
100 1 _aدسوقي، فاروق أحمد فرج
_eمؤلف.
245 1 0 _aفهرس المخطوطات الموجودة بالمكتبة المركزية /
_cإعداد فاروق أحمد فرج دسوقي، محمد مطيع الحافظ.
250 _aالطبعة الأولى.
264 1 _aجدة، السعودية :
_bجامعة الملك عبد العزيز،
_c1987
300 _aمجلدات؛
_c24 سم
336 _aنص
_btxt
_2rdacontent
_3كتاب
337 _aبدون وسيط
_bn
_2rdamedia
338 _aمجلد
_bnc
_2rdacarrier
610 2 7 _aجامعة الملك عبد العزيز.
_bالمكتبة المركزية
_xمخطوطات
_vفهارس
_2aucnm
650 7 _aالمخطوطات العربية
_zالسعودية
_vببليوجرافيات
_2aucsh
700 1 _aالحافظ، محمد مطيع،
_d1940-
_eمؤلف.
942 _2ddc
_cBOOK
_n0
949 _aSA-JeALM
_d251011
_umohamedma123
_n1
999 _c12556
_d12556